000 00526nam a2200181Ia 4500
999 _c30145
_d30145
003 OSt
005 20201207145134.0
008 190216s9999||||xx |||||||||||||| ||und||
040 _coclc
082 _a894.8124
_bKUN/B
100 _aKunju, Jamaludeen
_96913
245 0 _aBasheerinte Kalayum Darsanavum /
_cM Jamaludeen Kunju
250 _a1st Ed.
260 _bMulberry Publications,
_c2000.
_aKozhikode:
300 _a187p
650 _aBaheer
942 _cBK
_2ddc
_h894.8124
_iKUN/B
_k894.8124
_mKUN/B